films par départements français - Statistiques

Statistiques générales
  • Ce quiz a été pris 38 fois
  • Le résultat moyen est 4 sur 20
Statistiques - réponses
Hint Réponse % Correct
Gironde Camping (2006)
64%
Aisne Bienvenue à Marly Gomont (2016)
42%
Mayenne La Famille Bélier (2014)
39%
Lozère La Bête du Gévaudan (2003)
36%
Yvelines La Haine (1995)
33%
Finistère Les Seigneurs (2012)
33%
Tarn Le Fils à Jo (2011)
18%
Allier Pétain (1993)
18%
Indre et Loire Qu'est ce qu'on a fait au bon Dieu ? (2014)
18%
Loire Atlantique Le Grand Chemin (1987)
12%
Haute Loire La Nouvelle Guerre des Boutons (2011)
9%
Ille et Vilaine Meilleur Espoir Féminin (2000)
9%
Yonne Tonnerre (2013)
9%
Dordogne Les Fauves (2018)
6%
Ardèche L'Homme du Train (2002)
6%
Deux-Sèvres Pleure Pas la Bouche Pleine (1973)
6%
Nord Potiche (2010)
6%
Pas de Calais Rebelles (2019)
6%
Manche Garde à Vue (1981)
3%
Côte d'Or Cuisine Américaine (1998)
0%
Aucun quiz correspondant
Distribution des résultats
% des personnes avec chaque résultat
Percentile par nombre de réponses
Votre historique - résultats
Vous n’avez pas pris ce quiz